Statistics for Top 10 safest & most secure countries in the world

Click here to take the quiz!

General Stats

  • This quiz has been taken 70 times
  • The average score is 5 of 10

Answer Stats

Hint Answer % Correct
7Norway
96%
3Iceland
91%
1Finland
88%
8Switzerland
72%
6Singapore
62%
2United Arab Emirates
35%
10Qatar
30%
4Oman
28%
5Hong Kong SAR
3%
9Rwanda
3%

Score Distribution

Percentile by Number Answered

Percent of People with Each Score

Your Score History

You have not taken this quiz